000 00381nam a2200181Ia 4500
100 _aBodoff/Stephanie/ Armstrong/Eric
650 _aComputers
250 _a2
942 _cRB
366 _f15
654 _aJ2EE
245 _aJ2EE tutorial
260 _bPearson Education
_aMumbai
_c2004
082 _a005.1J/BOD
_bBOD
300 _a1507
546 _aENGLISH
999 _c19565
_d19565